000 00527nam a2200181 4500
001 121459
003 ES-MaACL
005 20230906191744.0
007 t|
008 070214q1969 sp r ||||1| spa d
110 2 _aEspaña.
_tLeyes, etc.
_9184149
245 1 0 _aII Plan de Desarrollo Económico y Social.
260 _aMadrid :
_bPresidencia del Gobierno,
_c[1969?]
300 _a2 v. ;
_c30 cm.
710 1 _aEspaña.
_bPresidencia del Gobierno.
_93951
852 _aES-MaACL
_jC-42421-22
_bR.72873
999 _c121459
_d121459